[Event "Ruhrgebiet Regionalliga 1819"]
[Site "Nordrheinwestfalen"]
[Date "2018.11.11"]
[Round "4.2"]
[White "Limbourg, Philipp"]
[Black "Joergens, Markus"]
[Result "1-0"]
[WhiteElo "2176"]
[BlackElo "1984"]
[PlyCount "91"]
[EventDate "2018.09.02"]
[EventType "team-tourn"]
[EventRounds "11"]
[EventCountry "GER"]
[SourceTitle "EXT 2022"]
[Source "ChessBase"]
[SourceDate "2021.10.06"]
[SourceVersion "1"]
[SourceVersionDate "2021.10.06"]
[SourceQuality "1"]
[WhiteTeam "Muelheim Nord III"]
[BlackTeam "Oberhausen SV II"]
[WhiteTeamCountry "GER"]
[BlackTeamCountry "GER"]

1. e4 e6 2. c4 d5 3. exd5 exd5 4. cxd5 Nf6 5. Bb5+ Nbd7 6. Nc3 Bd6 7. Nf3 0-0 8. 0-0 Nb6 9. h3 a6 10. Be2 Nbxd5 11. d4 Re8 12. Bc4 Be6 13. Ng5 Nxc3 14. Nxe6 Nxd1 15. Nxd8 Raxd8 16. Rxd1 h6 17. Be3 c6 18. Rac1 Bb8 19. Rc3 Ba7 20. Rcd3 Nd5 21. Kf1 Re7 22. Bb3 Red7 23. Ke2 g5 24. h4 f6 25. hxg5 hxg5 26. g3 Kg7 27. a3 Re8 28. Kf3 Bb8 29. Rh1 Nc7 30. Bc2 Rh8 31. Rxh8 Kxh8 32. Rd1 Ne8 33. Rh1+ Kg8 34. Kg4 Ng7 35. Bb3+ Rd5 36. Bxd5+ cxd5 37. Rc1 Bd6 38. f4 gxf4 39. Bxf4 Bf8 40. Rc8 Kf7 41. Rc7+ Kg6 42. Rxb7 Ne6 43. Rb6 f5+ 44. Kf3 Kf7 45. Be5 Bh6 46. Rxa6 1-0

[Event "Ruhrgebiet Regionalliga 1718"]
[Site "Germany"]
[Date "2018.01.21"]
[Round "5.2"]
[White "Joergens, Markus"]
[Black "Wichtrup, Jan Louis"]
[Result "0-1"]
[WhiteElo "2004"]
[BlackElo "1960"]
[PlyCount "132"]
[EventDate "2017.10.01"]
[EventType "team-tourn"]
[EventRounds "9"]
[EventCountry "GER"]
[SourceTitle "EXT 2022"]
[Source "ChessBase"]
[SourceDate "2021.10.06"]
[SourceVersion "1"]
[SourceVersionDate "2021.10.06"]
[SourceQuality "1"]
[WhiteTeam "Oberhausen SV II"]
[BlackTeam "Dortmund SV"]
[WhiteTeamCountry "GER"]
[BlackTeamCountry "GER"]

1. Nf3 Nf6 2. c4 e6 3. g3 d5 4. Bg2 Be7 5. 0-0 0-0 6. b3 c5 7. Bb2 Nc6 8. e3 b6 9. Qe2 Bb7 10. Rd1 dxc4 11. bxc4 Qc7 12. Nc3 Rac8 13. d3 Rfd8 14. Ne1 Bf8 15. f4 Qb8 16. g4 Ne7 17. h4 Bxg2 18. Nxg2 g6 19. Nb5 Bg7 20. Be5 Qa8 21. h5 Ne8 22. Bxg7 Nxg7 23. Qf2 gxh5 24. gxh5 Ngf5 25. e4 Nd4 26. Nxd4 Rxd4 27. Qh4 Kf8 28. Rd2 Ng8 29. Ne1 Rc7 30. Rg2 Qd8 31. Qg3 Nf6 32. Qg5 Ne8 33. Qg8+ Ke7 34. Rd1 Rxe4 35. Qg5+ Nf6 36. Nf3 Rc8 37. Ne5 Qd4+ 38. Rf2 Rxe5 39. Qxe5 Rg8+ 40. Kf1 Qxf2+ 41. Kxf2 Ng4+ 42. Kf3 Nxe5+ 43. fxe5 Rg5 44. Ke4 Rxh5 45. a4 Rh4+ 46. Ke3 f6 47. exf6+ Kxf6 48. a5 Ke5 49. axb6 axb6 50. Rb1 Rh3+ 51. Ke2 Rh2+ 52. Ke3 Rh3+ 53. Ke2 Kd4 54. Rxb6 Re3+ 55. Kf2 Rxd3 56. Rxe6 Kxc4 57. Re7 Kb3 58. Rxh7 c4 59. Ke2 Rd8 60. Rb7+ Kc2 61. Re7 c3 62. Re6 Kb2 63. Rb6+ Kc1 64. Rc6 c2 65. Rc7 Re8+ 66. Kd3 Kd1 0-1

[Event "Ruhrgebiet Verbandsliga Gruppe 1 1617"]
[Site "Germany"]
[Date "2016.09.04"]
[Round "1.2"]
[White "Joergens, Markus"]
[Black "Boehm, Joachim"]
[Result "0-1"]
[WhiteElo "1991"]
[BlackElo "2148"]
[PlyCount "60"]
[EventDate "2016.09.04"]
[EventType "team-tourn"]
[EventRounds "9"]
[EventCountry "GER"]
[SourceTitle "EXT 2022"]
[Source "ChessBase"]
[SourceDate "2021.10.06"]
[SourceVersion "1"]
[SourceVersionDate "2021.10.06"]
[SourceQuality "1"]
[WhiteTeam "Oberhausen SV II"]
[BlackTeam "Bottrop SV"]
[WhiteTeamCountry "GER"]
[BlackTeamCountry "GER"]

1. d4 g6 2. e4 Bg7 3. Nf3 d6 4. c3 Nf6 5. Nbd2 0-0 6. Be2 Nc6 7. 0-0 e5 8. dxe5 Nxe5 9. Nxe5 dxe5 10. Qc2 b6 11. Rd1 Bb7 12. a4 a5 13. b3 Qc8 14. Bf3 Bh6 15. Nc4 Bxc1 16. Raxc1 Qe6 17. Ne3 h5 18. Rd2 Rfd8 19. Rcd1 Rxd2 20. Rxd2 Qe7 21. Nc4 Re8 22. g3 Qc5 23. Bg2 h4 24. Qd3 h3 25. Bf3 Kg7 26. Ne3 Re7 27. Nd5 Bxd5 28. b4 axb4 29. exd5 e4 30. cxb4 exd3 0-1

[Event "Ruhrgebiet Verbandsliga Gruppe 2 1516"]
[Site "Germany"]
[Date "2016.03.20"]
[Round "8.1"]
[White "Spyrou, Emmanouil"]
[Black "Joergens, Markus"]
[Result "1/2-1/2"]
[WhiteElo "2180"]
[BlackElo "2048"]
[PlyCount "60"]
[EventDate "2015.09.06"]
[EventType "team-tourn"]
[EventRounds "9"]
[EventCountry "GER"]
[SourceTitle "EXT 2022"]
[Source "ChessBase"]
[SourceDate "2021.10.06"]
[SourceVersion "1"]
[SourceVersionDate "2021.10.06"]
[SourceQuality "1"]
[WhiteTeam "Hamm SV"]
[BlackTeam "Oberhausen SV II"]
[WhiteTeamCountry "GER"]
[BlackTeamCountry "GER"]

1. d4 d5 2. c4 c6 3. Nf3 Nf6 4. Nc3 dxc4 5. a4 Bf5 6. Ne5 Nbd7 7. Nxc4 Nb6 8. e3 e6 9. f3 Nfd7 10. e4 Bg6 11. Be3 a5 12. Be2 Nxc4 13. Bxc4 e5 14. 0-0 Qb6 15. Qd2 exd4 16. Bxd4 Bc5 17. Bf2 Ne5 18. Be2 Rd8 19. Qc2 f6 20. f4 Nd7 21. Bc4 Qb4 22. Ba2 Bxf2+ 23. Rxf2 Nc5 24. f5 Bf7 25. e5 Bxa2 26. Nxa2 Qd4 27. exf6 gxf6 28. Qe2+ Kf7 29. Kh1 h5 30. Nc3 Qd3 1/2-1/2

[Event "Ruhrgebiet Verbandsliga Gruppe 2 1516"]
[Site "Germany"]
[Date "2015.09.06"]
[Round "1.1"]
[White "Baerwolf, Steven"]
[Black "Joergens, Markus"]
[Result "1-0"]
[WhiteElo "2161"]
[BlackElo "2048"]
[PlyCount "81"]
[EventDate "2015.09.06"]
[EventType "team-tourn"]
[EventRounds "9"]
[EventCountry "GER"]
[SourceTitle "EXT 2022"]
[Source "ChessBase"]
[SourceDate "2021.10.06"]
[SourceVersion "1"]
[SourceVersionDate "2021.10.06"]
[SourceQuality "1"]
[WhiteTeam "Horst Emscher"]
[BlackTeam "Oberhausen SV II"]
[WhiteTeamCountry "GER"]
[BlackTeamCountry "GER"]

1. e4 e5 2. Nf3 Nc6 3. Bb5 a6 4. Ba4 Nf6 5. 0-0 Be7 6. Re1 b5 7. Bb3 0-0 8. h3 d6 9. c3 Na5 10. Bc2 c5 11. d4 Qc7 12. Nbd2 Bd7 13. Nf1 Nc4 14. b3 Nb6 15. d5 c4 16. Be3 cxb3 17. axb3 Rfc8 18. Bd3 Bd8 19. Rc1 a5 20. c4 bxc4 21. bxc4 Na4 22. c5 dxc5 23. Rc2 Be7 24. Qa1 Bd6 25. Ra2 Nb6 26. Bd2 c4 27. Rc1 Qd8 28. Bb1 Qe7 29. Rxa5 Rxa5 30. Qxa5 Bc5 31. Be3 Qd6 32. Bxc5 Rxc5 33. Qa1 Qc7 34. Qxe5 c3 35. Qxc7 Rxc7 36. Ne1 Ba4 37. f3 Kf8 38. Ne3 g6 39. Bc2 Ke7 40. Bxa4 Nxa4 41. e5 1-0

[Event "Ruhrgebiet Verbandsliga Gruppe 2 1415"]
[Site "Germany"]
[Date "2015.01.18"]
[Round "5.1"]
[White "Joergens, Markus"]
[Black "Henrichs, Wenke"]
[Result "1-0"]
[WhiteElo "2069"]
[BlackElo "2053"]
[PlyCount "71"]
[EventDate "2014.09.21"]
[EventType "team-tourn"]
[EventRounds "9"]
[EventCountry "GER"]
[SourceTitle "EXT 2022"]
[Source "ChessBase"]
[SourceDate "2021.10.06"]
[SourceVersion "1"]
[SourceVersionDate "2021.10.06"]
[SourceQuality "1"]
[WhiteTeam "Oberhausen SV II"]
[BlackTeam "Wattenscheid SV III"]
[WhiteTeamCountry "GER"]
[BlackTeamCountry "GER"]

1. d4 e6 2. c4 f5 3. Nc3 Nf6 4. e3 d5 5. Bd3 c6 6. Nge2 Bd6 7. Qc2 0-0 8. f3 Kh8 9. 0-0 Na6 10. a3 c5 11. cxd5 cxd4 12. exd4 Nxd5 13. Nxd5 exd5 14. Bxa6 bxa6 15. Bf4 Bxf4 16. Nxf4 Bd7 17. Rfe1 Qb6 18. Qd2 Rab8 19. b4 Qd6 20. Re5 Bc6 21. Rae1 Rbe8 22. Re6 Rxe6 23. Rxe6 Qd7 24. Qe3 Bb5 25. Qe5 Qc8 26. h4 Qc4 27. Re7 Rg8 28. Ne6 Qc1+ 29. Kh2 Qh6 30. Qg3 Qf6 31. Qg5 Qxg5 32. hxg5 g6 33. Rxa7 Re8 34. Nc7 Re3 35. Nxd5 Rxa3 36. Nf6 1-0

[Event "Ruhrgebiet Verbandsliga Gruppe 2 1415"]
[Site "Germany"]
[Date "2014.12.14"]
[Round "4.1"]
[White "Prass, Marian"]
[Black "Joergens, Markus"]
[Result "0-1"]
[WhiteElo "1994"]
[BlackElo "2069"]
[PlyCount "118"]
[EventDate "2014.09.21"]
[EventType "team-tourn"]
[EventRounds "9"]
[EventCountry "GER"]
[SourceTitle "EXT 2022"]
[Source "ChessBase"]
[SourceDate "2021.10.06"]
[SourceVersion "1"]
[SourceVersionDate "2021.10.06"]
[SourceQuality "1"]
[WhiteTeam "Altenessen"]
[BlackTeam "Oberhausen SV II"]
[WhiteTeamCountry "GER"]
[BlackTeamCountry "GER"]

1. e4 e6 2. d4 d5 3. Nd2 Be7 4. Ngf3 Nf6 5. e5 Nfd7 6. Bd3 c5 7. c3 Nc6 8. 0-0 a5 9. Re1 cxd4 10. cxd4 Qb6 11. Nb1 Nb4 12. Bf1 Nb8 13. Nc3 Bd7 14. b3 Bc6 15. Rb1 N4a6 16. Qd3 Nc7 17. h4 Nd7 18. a3 Qa7 19. b4 axb4 20. axb4 Nb6 21. Qe3 Nc4 22. Qf4 Nb5 23. Nxb5 Bxb5 24. Qg4 Bf8 25. Bd2 Qb6 26. Ra1 Ra6 27. Bc3 Na3 28. Bxb5+ Qxb5 29. Re3 Nc2 30. Rf1 Nxe3 31. fxe3 Qd3 32. Bd2 Ra2 33. Rf2 h5 34. Qg3 Rh6 35. Qh2 Rg6 36. g3 Be7 37. Kg2 Rb2 38. Qh1 Rb1 39. Rf1 Rxf1 40. Qxf1 Qxf1+ 41. Kxf1 Rxg3 42. Kf2 Rg4 43. b5 Bxh4+ 44. Kf1 Be7 45. Nh2 Re4 46. Kg2 Kf8 47. Nf3 g5 48. Ne1 Kg7 49. Nd3 Kg6 50. Kf3 Rh4 51. Kg2 Kf5 52. Nf2 f6 53. exf6 Bxf6 54. Nd3 e5 55. Nc5 b6 56. Nd7 exd4 57. Nxb6 dxe3 58. Be1 Rg4+ 59. Kf3 Rg1 0-1

[Event "Ruhrgebiet Verbandsliga Gruppe 2 1415"]
[Site "Germany"]
[Date "2014.11.16"]
[Round "3.1"]
[White "Joergens, Markus"]
[Black "Grosse Frintrop, Gerd"]
[Result "1/2-1/2"]
[WhiteElo "2188"]
[BlackElo "2027"]
[PlyCount "69"]
[EventDate "2014.09.21"]
[EventType "team-tourn"]
[EventRounds "9"]
[EventCountry "GER"]
[SourceTitle "EXT 2022"]
[Source "ChessBase"]
[SourceDate "2021.10.06"]
[SourceVersion "1"]
[SourceVersionDate "2021.10.06"]
[SourceQuality "1"]
[WhiteTeam "Oberhausen SV II"]
[BlackTeam "Buer SF"]
[WhiteTeamCountry "GER"]
[BlackTeamCountry "GER"]

1. d4 f5 2. g3 g6 3. Bg2 Nf6 4. Nf3 Bg7 5. 0-0 0-0 6. b4 c6 7. a4 d6 8. Bb2 e5 9. dxe5 Ng4 10. Na3 d5 11. c4 Qe7 12. cxd5 Qxb4 13. Qc1 Qe7 14. Nc4 Rd8 15. h3 cxd5 16. Nd6 Nxe5 17. Nxc8 Qe6 18. Nxe5 Bxe5 19. Bxe5 Qxe5 20. Bxd5+ Rxd5 21. Qc4 Kg7 22. Qb4 b6 23. Rad1 Nc6 24. Rxd5 Qxd5 25. Qd6 Qxd6 26. Nxd6 Nd4 27. e3 Ne2+ 28. Kg2 Nc3 29. Ra1 Rd8 30. Nb5 Ne4 31. Nd4 Kf6 32. Rc1 Nc5 33. a5 Rd6 34. axb6 axb6 35. Ra1 1/2-1/2

[Event "NRW Class1 1415"]
[Site "Germany"]
[Date "2014.10.05"]
[Round "2.6"]
[White "Roemhild, Marcus"]
[Black "Joergens, Markus"]
[Result "0-1"]
[WhiteElo "2049"]
[BlackElo "2069"]
[PlyCount "126"]
[EventDate "2014.09.14"]
[EventType "team-tourn"]
[EventRounds "9"]
[EventCountry "GER"]
[SourceTitle "EXT 2017"]
[Source "ChessBase"]
[SourceDate "2016.10.25"]
[SourceVersion "1"]
[SourceVersionDate "2016.10.25"]
[SourceQuality "1"]
[WhiteTeam "Lippstadt Turm"]
[BlackTeam "Oberhausen"]
[WhiteTeamCountry "GER"]
[BlackTeamCountry "GER"]

1. c4 e6 2. g3 d5 3. Bg2 Nf6 4. Nf3 dxc4 5. 0-0 Nbd7 6. Qc2 c5 7. Na3 a6 8. Nxc4 b5 9. Nfe5 bxc4 10. Bxa8 Nxe5 11. b3 Bd7 12. Bg2 cxb3 13. axb3 Bb5 14. d3 Qb6 15. Bb2 Nc6 16. Rfc1 Nb4 17. Qd2 Be7 18. d4 0-0 19. dxc5 Bxc5 20. Qf4 Nbd5 21. Qf3 Bd4 22. Ba3 Bxa1 23. Bxf8 Kxf8 24. Rxa1 Qc5 25. Bf1 Qc2 26. b4 Qb2 27. Rd1 Qxb4 28. Rc1 g5 29. h3 Kg7 30. Bg2 Qd2 31. Qa3 Qxe2 32. Bf1 Qd2 33. Bg2 Qb4 34. Qa1 Bd3 35. Bxd5 exd5 36. Qe5 Qd2 37. Rc6 Qd1+ 38. Kh2 Qf3 39. Qxg5+ Bg6 40. Kg1 h6 41. Qe3 Qxe3 42. fxe3 Bd3 43. Rc3 Bc4 44. Kg2 Ne4 45. Ra3 Kf6 46. Kf3 Ke5 47. h4 f5 48. g4 fxg4+ 49. Kxg4 Be2+ 50. Kh3 h5 51. Ra2 Nc3 52. Rc2 d4 53. exd4+ Kxd4 54. Kg3 Kd3 55. Rb2 a5 56. Rb8 a4 57. Ra8 Kc2 58. Kf2 Bg4 59. Ke3 Bd1 60. Ra7 Kb2 61. Rb7+ Bb3 62. Rh7 a3 63. Rxh5 a2 0-1

[Event "NRW Verbandsklasse Group3 1314"]
[Site "Nordrheinwestfalen"]
[Date "2014.04.06"]
[Round "9"]
[White "Joergens, Markus"]
[Black "Grodotzki, Thomas"]
[Result "1-0"]
[WhiteElo "2065"]
[BlackElo "1991"]
[PlyCount "71"]
[EventDate "2013.09.08"]
[EventType "team-tourn"]
[EventRounds "9"]
[EventCountry "GER"]
[SourceTitle "EXT 2020"]
[Source "ChessBase"]
[SourceDate "2019.10.17"]
[SourceVersion "1"]
[SourceVersionDate "2019.10.17"]
[SourceQuality "1"]
[WhiteTeam "Oberhausen SV II"]
[BlackTeam "Wacker Bergeborbeck"]
[WhiteTeamCountry "GER"]
[BlackTeamCountry "GER"]

1. d4 f5 2. g3 Nf6 3. Bg2 g6 4. Nf3 Bg7 5. 0-0 0-0 6. b4 c6 7. c4 Na6 8. b5 Nc7 9. a4 Ne4 10. Ba3 d6 11. Qb3 Ne6 12. Bb2 Qe8 13. e3 Qf7 14. Nc3 Nxc3 15. Bxc3 g5 16. bxc6 bxc6 17. Nd2 Bd7 18. Qb7 Rfd8 19. Ba5 Rab8 20. Qa6 Rdc8 21. Rab1 Qe8 22. h3 Bf6 23. Rxb8 Rxb8 24. c5 d5 25. Rb1 Rxb1+ 26. Nxb1 Qb8 27. Nc3 f4 28. Nxd5 cxd5 29. Bxd5 Qb1+ 30. Kg2 Kg7 31. c6 fxe3 32. cxd7 Qf5 33. Qxe6 Qxf2+ 34. Kh1 Qf1+ 35. Kh2 Qf2+ 36. Bg2 1-0

[Event "NRW Verbandsklasse Group3 1314"]
[Site "Nordrheinwestfalen"]
[Date "2013.09.08"]
[Round "1.1"]
[White "Achenbach, Manfred"]
[Black "Joergens, Markus"]
[Result "1/2-1/2"]
[WhiteElo "1997"]
[BlackElo "2065"]
[PlyCount "104"]
[EventDate "2013.09.08"]
[EventType "team-tourn"]
[EventRounds "9"]
[EventCountry "GER"]
[SourceTitle "EXT 2020"]
[Source "ChessBase"]
[SourceDate "2019.10.17"]
[SourceVersion "1"]
[SourceVersionDate "2019.10.17"]
[SourceQuality "1"]
[WhiteTeam "Muelheim SC"]
[BlackTeam "Oberhausen SV II"]
[WhiteTeamCountry "GER"]
[BlackTeamCountry "GER"]

1. Nf3 Nf6 2. c4 e6 3. g3 d5 4. Bg2 dxc4 5. Qa4+ c6 6. Qxc4 b5 7. Qc2 Bb7 8. 0-0 c5 9. b3 Nbd7 10. Bb2 Be7 11. d3 0-0 12. a4 a6 13. e4 Qb8 14. Nbd2 Rc8 15. Rac1 Bc6 16. Rfe1 Qb7 17. a5 Qc7 18. Ra1 Rab8 19. Bc3 Ba8 20. Rec1 Qd8 21. h3 Ne8 22. Re1 Nc7 23. Bb2 f6 24. h4 Nf8 25. Nf1 e5 26. Ne3 Nce6 27. Bh3 Nd4 28. Qd1 Rc7 29. Nxd4 cxd4 30. Nf5 Bb4 31. Re2 Bc3 32. b4 g6 33. Nh6+ Kg7 34. Ng4 Bc6 35. Qc1 Bd7 36. Qh6+ Kg8 37. h5 Qe7 38. hxg6 hxg6 39. f4 Qg7 40. Qh4 Nh7 41. Rf1 g5 42. fxg5 fxg5 43. Qh6 Bxg4 44. Qxg7+ Kxg7 45. Bxg4 Bxb4 46. Rf5 Bd6 47. Ref2 Rf8 48. Rf1 Rxf5 49. Bxf5 b4 50. Be6 b3 51. Bc4 Bb4 52. Bxb3 Bxa5 1/2-1/2

[Event "NRW Class2 1213"]
[Site "Germany"]
[Date "2013.02.17"]
[Round "6.7"]
[White "Bondarchuk, Vadim"]
[Black "Joergens, Markus"]
[Result "0-1"]
[WhiteElo "1964"]
[BlackElo "2095"]
[PlyCount "98"]
[EventDate "2012.09.16"]
[EventType "team-tourn"]
[EventRounds "9"]
[EventCountry "GER"]
[SourceTitle "EXT 2017"]
[Source "ChessBase"]
[SourceDate "2016.10.25"]
[SourceVersion "1"]
[SourceVersionDate "2016.10.25"]
[SourceQuality "1"]
[WhiteTeam "Gerresheim"]
[BlackTeam "Oberhausen"]
[WhiteTeamCountry "GER"]
[BlackTeamCountry "GER"]

1. e4 e6 2. d4 d5 3. Nc3 Bb4 4. exd5 exd5 5. Bd3 Nf6 6. a3 Bxc3+ 7. bxc3 0-0 8. h3 Re8+ 9. Ne2 Ne4 10. 0-0 Bf5 11. Rb1 b6 12. c4 c6 13. cxd5 cxd5 14. Bb5 Re7 15. Bf4 Nd6 16. Ng3 Bg6 17. Bd3 Nc6 18. Bxg6 hxg6 19. Qd3 Qd7 20. Bg5 f6 21. Bd2 Nf5 22. c3 Rae8 23. a4 Na5 24. Rb5 Nc4 25. Bf4 Nxg3 26. Bxg3 Kf7 27. Bf4 Qe6 28. Qf3 Qe4 29. Qg3 g5 30. Bc1 Rd8 31. Qg4 Qxg4 32. hxg4 Re2 33. Rd1 Ke6 34. Rb3 Kd6 35. f4 gxf4 36. Bxf4+ Kc6 37. Kf1 Re4 38. Bc1 Rxg4 39. Re1 Rh8 40. Kg1 Rgh4 41. Kf2 Rh1 42. Rxh1 Rxh1 43. Ba3 Ra1 44. Bf8 g6 45. g4 Rxa4 46. Rb1 Ra2+ 47. Kg3 Rc2 48. Rh1 Rxc3+ 49. Kf2 Ne3 0-1

[Event "NRW Class1 1112"]
[Site "Germany"]
[Date "2011.11.13"]
[Round "3.7"]
[White "Joergens, Markus"]
[Black "Hille, Ralph Ingo"]
[Result "1-0"]
[WhiteElo "2065"]
[BlackElo "2108"]
[PlyCount "65"]
[EventDate "2011.09.18"]
[EventType "team-tourn"]
[EventRounds "9"]
[EventCountry "GER"]
[SourceTitle "EXT 2015"]
[Source "ChessBase"]
[SourceDate "2014.11.20"]
[SourceVersion "1"]
[SourceVersionDate "2014.11.20"]
[SourceQuality "1"]
[WhiteTeam "Oberhausen"]
[BlackTeam "Castrop Rauxel"]
[WhiteTeamCountry "GER"]
[BlackTeamCountry "GER"]

1. d4 c5 2. d5 f5 3. c4 Nf6 4. Nc3 g6 5. g3 d6 6. Nh3 Nbd7 7. Nf4 Ne5 8. Bd2 Bg7 9. h4 a6 10. b3 h6 11. Qc2 0-0 12. Bg2 Rb8 13. h5 g5 14. Ne6 Bxe6 15. dxe6 Qe8 16. 0-0-0 Nxh5 17. f4 gxf4 18. gxf4 Ng4 19. Bf3 Nhf6 20. Rdg1 Qg6 21. e4 h5 22. exf5 Qe8 23. Nd5 Nxd5 24. cxd5 c4 25. bxc4 Rc8 26. Bxg4 hxg4 27. Rxg4 Rf6 28. Rhg1 b5 29. Rxg7+ Kh8 30. Bc3 Qh5 31. R7g2 Rxc4 32. Rh2 Rxc3 33. Rxh5+ 1-0

[Event "Ruhrgebiet Regionalliga 1011"]
[Site "Nordrheinwestfalen"]
[Date "2011.05.08"]
[Round "9.7"]
[White "Pilat, Fabian"]
[Black "Joergens, Markus"]
[Result "0-1"]
[WhiteElo "1961"]
[BlackElo "2030"]
[PlyCount "72"]
[EventDate "2010.09.19"]
[EventType "team-tourn"]
[EventRounds "9"]
[EventCountry "GER"]
[SourceTitle "EXT 2020"]
[Source "ChessBase"]
[SourceDate "2019.10.17"]
[SourceVersion "1"]
[SourceVersionDate "2019.10.17"]
[SourceQuality "1"]
[WhiteTeam "Bochum SG III"]
[BlackTeam "Oberhausen SV"]
[WhiteTeamCountry "GER"]
[BlackTeamCountry "GER"]

1. d4 d5 2. Nf3 Nf6 3. e3 Bf5 4. c4 c6 5. cxd5 cxd5 6. Qb3 Qc7 7. Bd2 e6 8. Bb5+ Nbd7 9. 0-0 a6 10. Rc1 Qb6 11. Bxd7+ Nxd7 12. Qxb6 Nxb6 13. b3 Bd6 14. a4 Ke7 15. Nc3 Rac8 16. a5 Nd7 17. Ne1 Rc7 18. Na2 Rhc8 19. Kf1 Nf6 20. f3 Bxh2 21. f4 Ne4 22. Bb4+ Ke8 23. Rxc7 Rxc7 24. Rc1 Rxc1 25. Nxc1 f6 26. Ncd3 Bg3 27. Ke2 Bg4+ 28. Nf3 Kd7 29. Kf1 h5 30. Nd2 Nxd2+ 31. Bxd2 Kc6 32. Bc3 Bd1 33. Nc1 g5 34. fxg5 fxg5 35. b4 Bc2 36. Ke2 Kb5 0-1

[Event "Oberhausen op"]
[Site "Oberhausen"]
[Date "2010.04.05"]
[Round "7"]
[White "Becker, Marcel"]
[Black "Joergens, Markus"]
[Result "1-0"]
[WhiteElo "2351"]
[BlackElo "2162"]
[PlyCount "49"]
[EventDate "2010.04.01"]
[EventType "swiss"]
[EventRounds "7"]
[EventCountry "GER"]
[SourceTitle "CBM 135 Extra"]
[Source "ChessBase"]
[SourceDate "2010.05.04"]
[SourceVersion "1"]
[SourceVersionDate "2010.05.04"]
[SourceQuality "1"]

1. d4 e6 2. Nf3 Nf6 3. c4 d5 4. Nc3 Nbd7 5. cxd5 exd5 6. Bg5 c6 7. e3 Be7 8. Qc2 Nh5 9. Bxe7 Qxe7 10. h3 g6 11. 0-0-0 Nb6 12. g4 Ng7 13. Bd3 Be6 14. Kb1 0-0-0 15. Na4 Nxa4 16. Qxa4 Kb8 17. Rc1 h5 18. Ne5 hxg4 19. hxg4 Bd7 20. Rhf1 Rh2 21. Rc3 Bc8 22. Ra3 a6 23. Bxa6 f6 24. Bxb7 fxe5 25. Qa7+ 1-0

[Event "Ruhrgebiet VL1 0910"]
[Site "Germany"]
[Date "2010.03.21"]
[Round "8.7"]
[White "Joergens, Markus"]
[Black "Imberg, Thorsten"]
[Result "0-1"]
[WhiteElo "2162"]
[BlackElo "1900"]
[PlyCount "82"]
[EventDate "2009.09.06"]
[EventType "team-tourn"]
[EventRounds "9"]
[EventCountry "GER"]
[SourceTitle "EXT 2011"]
[Source "ChessBase"]
[SourceDate "2010.11.26"]
[SourceVersion "1"]
[SourceVersionDate "2010.11.26"]
[SourceQuality "1"]
[WhiteTeam "Oberhausen"]
[BlackTeam "Holsterhausen"]
[WhiteTeamCountry "GER"]
[BlackTeamCountry "GER"]

1. d4 Nf6 2. c4 g6 3. Nc3 Bg7 4. e4 d6 5. Be2 0-0 6. Bg5 c5 7. d5 e6 8. Qd2 exd5 9. exd5 Re8 10. Nf3 Bg4 11. 0-0 Nbd7 12. h3 Bxf3 13. Bxf3 a6 14. a4 Qa5 15. Qf4 Qb6 16. Rab1 Re5 17. Qd2 Rae8 18. Be2 R5e7 19. Rbe1 Ne4 20. Nxe4 Rxe4 21. Bd3 Rxe1 22. Rxe1 Rxe1+ 23. Qxe1 Qxb2 24. Qe8+ Nf8 25. Be7 Qe5 26. Qd8 Qe1+ 27. Bf1 b5 28. axb5 axb5 29. cxb5 c4 30. Qc8 Qxe7 31. b6 Bd4 32. b7 Qf6 33. Qxc4 Qxf2+ 34. Kh2 Qg1+ 35. Kg3 Ba7 36. Bd3 Qc5 37. Qxc5 dxc5 38. Bb5 f6 39. Kf3 Kf7 40. Ke4 Ke7 41. Kd3 Kd6 0-1

[Event "Ruhrgebiet VL1 0910"]
[Site "Germany"]
[Date "2009.10.04"]
[Round "2.7"]
[White "Joergens, Markus"]
[Black "Kraus, Tanja"]
[Result "1-0"]
[WhiteElo "2162"]
[BlackElo "1954"]
[PlyCount "77"]
[EventDate "2009.09.06"]
[EventType "team-tourn"]
[EventRounds "9"]
[EventCountry "GER"]
[SourceTitle "EXT 2011"]
[Source "ChessBase"]
[SourceDate "2010.11.26"]
[SourceVersion "1"]
[SourceVersionDate "2010.11.26"]
[SourceQuality "1"]
[WhiteTeam "Oberhausen"]
[BlackTeam "Wattenscheid IV"]
[WhiteTeamCountry "GER"]
[BlackTeamCountry "GER"]

1. d4 d5 2. c4 Nc6 3. Nc3 Nf6 4. Bg5 Ne4 5. cxd5 Nxc3 6. bxc3 Qxd5 7. Nf3 Bg4 8. Qb3 Qxb3 9. axb3 e6 10. e4 a6 11. Bb5 Bxf3 12. gxf3 Rb8 13. Bxc6+ bxc6 14. b4 Rb6 15. Be3 Be7 16. d5 Rb5 17. dxc6 Bf6 18. Kd2 0-0 19. Rxa6 Be7 20. Ra7 Bd6 21. f4 e5 22. f5 Rbb8 23. Rha1 f6 24. Rb7 g6 25. fxg6 hxg6 26. b5 f5 27. exf5 gxf5 28. Rg1+ Kf7 29. Ba7 Rbc8 30. c4 e4 31. h4 Bf4+ 32. Be3 Be5 33. b6 f4 34. Bc5 Rfd8+ 35. Kc2 Kf6 36. bxc7 Rxc7 37. Bb6 Rxb7 38. Bxd8+ Kf7 39. cxb7 1-0

[Event "Ruhrgebiet Regionalliga 0708"]
[Site "Germany"]
[Date "2008.03.16"]
[Round "7.4"]
[White "Loyen, Egbert"]
[Black "Joergens, Markus"]
[Result "1-0"]
[WhiteElo "2082"]
[BlackElo "2184"]
[PlyCount "95"]
[EventDate "2007.09.16"]
[EventType "team"]
[EventRounds "9"]
[EventCountry "GER"]
[SourceTitle "EXT 2009"]
[Source "ChessBase"]
[SourceDate "2008.11.26"]
[SourceVersion "1"]
[SourceVersionDate "2008.11.26"]
[SourceQuality "1"]
[WhiteTeam "Essen Borbeck"]
[BlackTeam "Oberhausen"]
[WhiteTeamCountry "GER"]
[BlackTeamCountry "GER"]

1. Nf3 e6 2. c4 Nf6 3. g3 d5 4. b3 Be7 5. Bg2 0-0 6. 0-0 c5 7. Bb2 Nc6 8. d3 Qa5 9. Ne5 Nxe5 10. Bxe5 Rd8 11. Qc1 a6 12. Qc3 Qb6 13. a4 a5 14. Na3 Nd7 15. d4 f6 16. dxc5 Bxc5 17. Bf4 Bd4 18. Qc2 Bxa1 19. Rxa1 d4 20. Be4 f5 21. Bf3 Nc5 22. Nb5 Na6 23. Rd1 Bd7 24. Bg5 Re8 25. Nxd4 Bc6 26. Nxc6 bxc6 27. Rd6 Rac8 28. Qc3 e5 29. Bd5+ Kh8 30. Be6 Rb8 31. Qxe5 Qxb3 32. Rxc6 Qb1+ 33. Kg2 Nb4 34. Rc7 Qe4+ 35. Qxe4 fxe4 36. Bd7 Rf8 37. Bb5 Nc2 38. Bd2 Ra8 39. Bc3 Rg8 40. Re7 Na3 41. Bc6 Rac8 42. Bd5 Rxc4 43. Bxc4 Nxc4 44. Rxe4 Nd6 45. Re7 Nf5 46. Ra7 Rc8 47. Rxa5 h5 48. Rxf5 1-0